[Event "Nordic-ch"]
[Site "Vammala"]
[Date "2005.09.03"]
[Round "10"]
[White "Pedersen, Nicolai Vesterbaek"]
[Black "Olsen, Heini"]
[Result "1-0"]
[WhiteElo "2488"]
[BlackElo "2325"]
[PlyCount "83"]
[EventDate "2005.08.24"]
[EventType "tourn"]
[EventRounds "11"]
[EventCountry "FIN"]
[EventCategory "7"]
[SourceTitle "CBM 108 Extra"]
[Source "ChessBase"]
[SourceDate "2005.11.04"]
[SourceVersion "1"]
[SourceVersionDate "2005.11.04"]
[SourceQuality "1"]

1. d4 d5 2. c4 dxc4 3. Nf3 Nf6 4. e3 g6 5. Bxc4 Bg7 6. Nc3 0-0 7. e4 c5 8. d5 Bg4 9. h3 Bxf3 10. Qxf3 Nbd7 11. Be2 Ne8 12. 0-0 Nd6 13. Bf4 a6 14. a4 Qa5 15. Rab1 Qb4 16. Qe3 Ne5 17. Rfe1 b5 18. axb5 axb5 19. Qg3 Nec4 20. Bxc4 Qxc4 21. Bxd6 exd6 22. Qxd6 b4 23. Nd1 Bd4 24. Ne3 Qd3 25. Ng4 h5 26. Nf6+ Kg7 27. Nd7 Rfe8 28. Rbd1 Qa6 29. Qc7 Ra7 30. Nxc5 Bxf2+ 31. Kh1 Qa2 32. Qc6 Bxe1 33. Qxe8 Bh4 34. d6 Qxb2 35. d7 Ra2 36. Rg1 Ra1 37. Rxa1 Qxa1+ 38. Kh2 Bf2 39. Ne6+ fxe6 40. Qe7+ Kh6 41. Qf8+ Kh7 42. Qxf2 1-0

[Event "Nordic-ch"]
[Site "Vammala"]
[Date "2005.08.30"]
[Round "7"]
[White "Hillarp Persson, Tiger"]
[Black "Olsen, Heini"]
[Result "1-0"]
[WhiteElo "2511"]
[BlackElo "2325"]
[PlyCount "85"]
[EventDate "2005.08.24"]
[EventType "tourn"]
[EventRounds "11"]
[EventCountry "FIN"]
[EventCategory "7"]
[SourceTitle "CBM 108 Extra"]
[Source "ChessBase"]
[SourceDate "2005.11.04"]
[SourceVersion "1"]
[SourceVersionDate "2005.11.04"]
[SourceQuality "1"]

1. d4 Nf6 2. c4 e6 3. Nc3 Bb4 4. e3 0-0 5. Bd3 d5 6. Nf3 c5 7. 0-0 cxd4 8. exd4 dxc4 9. Bxc4 a6 10. a3 Bxc3 11. bxc3 b5 12. Bd3 Nc6 13. a4 b4 14. c4 Bb7 15. Bb2 a5 16. Re1 Qd6 17. d5 exd5 18. cxd5 Ne7 19. Be5 Qb6 20. d6 Ng6 21. Bxf6 gxf6 22. d7 Rad8 23. Bb5 Ba6 24. Bxa6 Qxa6 25. Qd5 Qa8 26. Qf5 Qc6 27. Qxa5 b3 28. Rab1 Qxd7 29. Rxb3 Ra8 30. Qb5 Qg4 31. Rb4 Nf4 32. g3 Qxf3 33. Rxf4 Qc3 34. Re3 Qa1+ 35. Kg2 Rfb8 36. Qc6 Qb2 37. Ref3 Qb6 38. Qe4 Re8 39. Qf5 Re6 40. Rg4+ Kf8 41. Qxh7 Qc6 42. Rg7 Ra7 43. Qg8+ 1-0

[Event "Nordic-ch"]
[Site "Vammala"]
[Date "2005.08.29"]
[Round "6"]
[White "Olsen, Heini"]
[Black "Simonsen, Hans Kristian"]
[Result "1/2-1/2"]
[WhiteElo "2325"]
[BlackElo "2305"]
[PlyCount "25"]
[EventDate "2005.08.24"]
[EventType "tourn"]
[EventRounds "11"]
[EventCountry "FIN"]
[EventCategory "7"]
[SourceTitle "CBM 108 Extra"]
[Source "ChessBase"]
[SourceDate "2005.11.04"]
[SourceVersion "1"]
[SourceVersionDate "2005.11.04"]
[SourceQuality "1"]

1. d4 d5 2. c4 c6 3. cxd5 cxd5 4. Nf3 Nf6 5. Nc3 Nc6 6. Bf4 Bf5 7. e3 e6 8. Bd3 Bxd3 9. Qxd3 Bd6 10. Bxd6 Qxd6 11. 0-0 0-0 12. Rfc1 Rfc8 13. Qd1 1/2-1/2

[Event "Nordic-ch"]
[Site "Vammala"]
[Date "2005.08.28"]
[Round "5"]
[White "Nyback, Tomi"]
[Black "Olsen, Heini"]
[Result "1-0"]
[WhiteElo "2571"]
[BlackElo "2325"]
[PlyCount "67"]
[EventDate "2005.08.24"]
[EventType "tourn"]
[EventRounds "11"]
[EventCountry "FIN"]
[EventCategory "7"]
[SourceTitle "CBM 108 Extra"]
[Source "ChessBase"]
[SourceDate "2005.11.04"]
[SourceVersion "1"]
[SourceVersionDate "2005.11.04"]
[SourceQuality "1"]

1. d4 Nf6 2. c4 e6 3. Nf3 b6 4. g3 Ba6 5. b3 Bb7 6. Bg2 Bb4+ 7. Bd2 a5 8. 0-0 0-0 9. Qc2 d6 10. Bc3 Nbd7 11. a3 Bxc3 12. Nxc3 Re8 13. e4 e5 14. Rfe1 c6 15. Rad1 Qc7 16. Qd2 Ba6 17. d5 cxd5 18. Nxd5 Nxd5 19. Qxd5 Nc5 20. b4 Na4 21. Rc1 Rac8 22. Bh3 axb4 23. Bxc8 Rxc8 24. axb4 Bxc4 25. Qd2 b5 26. Red1 d5 27. exd5 Qd6 28. Nh4 g6 29. Ng2 Rd8 30. Ne3 Bb3 31. Re1 Nb6 32. Rc5 Nc4 33. Qc3 Nxe3 34. Qxe3 1-0

[Event "Nordea Cup"]
[Site "Dianalund"]
[Date "2005.02.20"]
[Round "9"]
[White "Miezis, Normunds"]
[Black "Olsen, Heini"]
[Result "1/2-1/2"]
[WhiteElo "2547"]
[BlackElo "2345"]
[PlyCount "110"]
[EventDate "2005.02.12"]
[EventType "tourn"]
[EventRounds "9"]
[EventCountry "DEN"]
[EventCategory "4"]
[SourceTitle "CBM 104 Extra"]
[Source "ChessBase"]
[SourceDate "2005.03.01"]
[SourceVersion "1"]
[SourceVersionDate "2005.03.01"]
[SourceQuality "1"]

1. c4 e5 2. Nc3 Nf6 3. g3 Bb4 4. Bg2 0-0 5. e4 Bxc3 6. dxc3 d6 7. Qe2 Nbd7 8. Nf3 a6 9. 0-0 b5 10. Rd1 bxc4 11. Qxc4 a5 12. Qe2 Ba6 13. c4 a4 14. Rb1 Bb7 15. Nh4 Nc5 16. Be3 Nfd7 17. Nf5 g6 18. Nh6+ Kh8 19. f4 Qe7 20. fxe5 Nxe5 21. Bd4 Ne6 22. Bc3 c5 23. Ng4 Nd4 24. Bxd4 cxd4 25. Rxd4 f5 26. exf5 Bxg2 27. Kxg2 Qb7+ 28. Rd5 Rae8 29. fxg6 Nxg6 30. Qd2 Qg7 31. h3 Re4 32. Kh1 Rxc4 33. Rxd6 Qb7+ 34. Qd5 Qxd5+ 35. Rxd5 Rc2 36. Kg1 Rf3 37. Rd8+ Kg7 38. Rd7+ Kg8 39. Rd8+ Kg7 40. Rd7+ Kg8 41. Nh6+ Kh8 42. Nf7+ Kg8 43. Nh6+ Kh8 44. Kh1 Ne5 45. Re7 Rff2 46. Rxe5 Rh2+ 47. Kg1 Rcg2+ 48. Kf1 Rc2 49. Re8+ Kg7 50. Nf5+ Kf7 51. Nd6+ Kg7 52. Kg1 Rcg2+ 53. Kf1 Rc2 54. Kg1 Rcg2+ 55. Kf1 Rc2 1/2-1/2

[Event "Nordea Cup"]
[Site "Dianalund"]
[Date "2005.02.18"]
[Round "7"]
[White "Bromann, Thorbjorn"]
[Black "Olsen, Heini"]
[Result "1/2-1/2"]
[WhiteElo "2370"]
[BlackElo "2345"]
[PlyCount "21"]
[EventDate "2005.02.12"]
[EventType "tourn"]
[EventRounds "9"]
[EventCountry "DEN"]
[EventCategory "4"]
[SourceTitle "CBM 104 Extra"]
[Source "ChessBase"]
[SourceDate "2005.03.01"]
[SourceVersion "1"]
[SourceVersionDate "2005.03.01"]
[SourceQuality "1"]

1. e4 e5 2. Nf3 Nc6 3. Nc3 Nf6 4. g3 d5 5. exd5 Nxd5 6. Bg2 Nxc3 7. bxc3 Bd6 8. 0-0 0-0 9. d4 Bg4 10. Qd3 Qf6 11. Rb1 1/2-1/2